[Event "20th Prague Open 2022"]
[Site "Prague"]
[Date "2022.01.07"]
[Round "1.20"]
[White "Zelezny, Jan"]
[Black "Mannion, Stephen R"]
[Result "0-1"]
[WhiteElo "1920"]
[BlackElo "2267"]
[Annotator "NA"]
[PlyCount "82"]
[EventDate "2022.01.07"]
[EventType "swiss"]
[EventCountry "CZE"]
[SourceTitle "playchess.com"]
[Source "ChessBase"]
[SourceQuality "1"]
[TimeControl "40/5400+30:1800+30"]

1. e4 {[%emt 0:00:02]} e5 {[%emt 0:00:06]} 2. Nf3 {[%emt 0:00:04]} Nc6 {[%emt 0:00:06]} 3. Bc4 {[%emt 0:00:07]} Bc5 {[%emt 0:00:06]} 4. O-O {[%emt 0:00:15]} Nf6 {[%emt 0:00:10]} 5. d4 {[%emt 0:00:11]} Bxd4 {[%emt 0:00:26]} 6. Nxd4 {[%emt 0:00:08]} Nxd4 {[%emt 0:00:05]} 7. Bg5 {[%emt 0:00:07]} h6 {[%emt 0:08:31]} 8. Bh4 {[%emt 0:00:05]} g5 {[%emt 0:07:24]} 9. f4 {[%emt 0:00:24]} d5 {[%emt 0:35:25]} 10. fxg5 {[%emt 0:21:11]} Bg4 {[%emt 0:24:22]} 11. Qe1 {[%emt 0:03:17]} dxc4 {[%emt 0:04:22]} 12. g6 {[%emt 0:15:42]} Ne2+ {[%emt 0:00:53]} 13. Kh1 {[%emt 0:00:54]} Nf4 {[%emt 0:00:04]} 14. Rxf4 {[%emt 0:07:16]} exf4 {[%emt 0:00:09]} 15. e5 {[%emt 0:00:20]} O-O {[%emt 0:04:32]} 16. Bxf6 {[%emt 0:01:09]} Qd1 {[%emt 0:00:15]} 17. Qxd1 {[%emt 0:02:34]} Bxd1 {[%emt 0:00:02]} 18. Nc3 {[%emt 0:01:17]} Bxc2 {[%emt 0:01:14]} 19. g7 {[%emt 0:00:10]} Rfd8 {[%emt 0:00:36]} 20. Rf1 {[%emt 0:05:59]} Bg6 {[%emt 0:05:10]} 21. Rxf4 {[%emt 0:01:40]} b5 {[%emt 0:00:01]} 22. Rh4 {[%emt 0:06:07]} h5 {[%emt 0:00:45]} 23. h3 {[%emt 0:03:10]} b4 {[%emt 0:01:06]} 24. Nb5 {[%emt 0:04:01]} Rd5 {[%emt 0:01:05]} 25. Nxc7 {[%emt 0:00:51]} Rd1+ {[%emt 0:00:19]} 26. Kh2 {[%emt 0:00:06]} c3 {[%emt 0:00:20]} 27. Nxa8 {[%emt 0:12:13]} cxb2 {[%emt 0:00:54]} 28. Rc4 {[%emt 0:00:52]} Bf5 {[%emt 0:00:35]} 29. Rxb4 {[%emt 0:05:24]} b1=Q {[%emt 0:00:09]} 30. Rxb1 {[%emt 0:00:10]} Rxb1 {[%emt 0:00:47]} 31. Nc7 {[%emt 0:00:34]} Be6 {[%emt 0:01:20]} 32. a3 {[%emt 0:04:22]} Rb3 {[%emt 0:00:24]} 33. Ne8 {[%emt 0:02:18]} Bd7 {[%emt 0:01:06]} 34. Nd6 {[%emt 0:00:37]} Rxa3 {[%emt 0:00:03]} 35. Ne4 {[%emt 0:00:33]} Re3 {[%emt 0:00:29]} 36. Ng5 {[%emt 0:01:03]} a5 {[%emt 0:00:42]} 37. g4 {[%emt 0:00:57]} hxg4 {[%emt 0:00:12]} 38. h4 {[%emt 0:00:21]} g3+ {[%emt 0:00:26]} 39. Kg1 {[%emt 0:01:22]} Bc6 {[%emt 0:00:19]} 40. Kf1 {[%emt 0:01:24]} g2+ {[%emt 0:00:13]} 41. Kf2 {[%emt 0:30:46]} Re2+ {[%emt 0:31:12]} 0-1

[Event "20th Prague Open 2022"]
[Site "Prague"]
[Date "2022.01.07"]
[Round "1.21"]
[White "Ondrus, Martin"]
[Black "Zelbova, Lada"]
[Result "1/2-1/2"]
[WhiteElo "2267"]
[BlackElo "1886"]
[Annotator "ChessBase"]
[PlyCount "163"]
[EventDate "2022.01.07"]
[EventType "swiss"]
[EventCountry "CZE"]
[SourceTitle "playchess.com"]
[Source "ChessBase"]
[SourceQuality "1"]
[TimeControl "40/5400+30:1800+30"]

1. e4 {[%emt 0:00:04]} c5 {[%emt 0:00:05]} 2. Nf3 {[%emt 0:00:04]} d6 {[%emt 0:00:08]} 3. d4 {[%emt 0:00:04]} cxd4 {[%emt 0:00:05]} 4. Nxd4 {[%emt 0:00:02]} Nf6 {[%emt 0:00:09]} 5. Nc3 {[%emt 0:00:03]} a6 {[%emt 0:00:05]} 6. Be3 {[%emt 0:00:44]} e5 {[%emt 0:00:20]} 7. Nb3 {[%emt 0:00:01]} Be6 {[%emt 0:00:31]} 8. f3 {[%emt 0:00:02]} Be7 {[%emt 0:00:34]} 9. Qd2 {[%emt 0:00:05]} O-O {[%emt 0:00:16]} 10. O-O-O {[%emt 0:00:11]} a5 {[%emt 0:00:54]} 11. Bb5 {[%emt 0:00:26]} Bd7 {[%emt 0:07:57]} 12. a4 {[%emt 0:01:28]} Nc6 {[%emt 0:03:36]} 13. g4 {[%emt 0:00:10]} Nb4 {[%emt 0:02:08]} 14. g5 {[%emt 0:00:21]} Nh5 {[%emt 0:00:40]} 15. Kb1 {[%emt 0:04:02]} Be6 {[%emt 0:05:07]} 16. h4 {[%emt 0:03:00]} Qc7 {[%emt 0:05:28]} 17. Qf2 {[%emt 0:01:49]} Nf4 {[%emt 0:23:51]} 18. Bxf4 {[%emt 0:06:48]} exf4 {[%emt 0:00:30]} 19. Nd4 {[%emt 0:00:37]} Rfd8 {[%emt 0:05:13]} 20. Rhe1 {[%emt 0:05:27]} Bf8 {[%emt 0:01:25]} 21. h5 {[%emt 0:03:37]} g6 {[%emt 0:04:15]} 22. h6 {[%emt 0:01:25]} Qc5 {[%emt 0:02:22]} 23. Qh4 {[%emt 0:01:27]} Be7 {[%emt 0:03:48]} 24. Rg1 {[%emt 0:00:06]} Nc6 {[%emt 0:00:30]} 25. Nxe6 {[%emt 0:02:23]} fxe6 {[%emt 0:00:06]} 26. Qxf4 {[%emt 0:00:32]} Rf8 {[%emt 0:01:48]} 27. Qg4 {[%emt 0:00:33]} Rf7 {[%emt 0:10:58]} 28. Qxe6 {[%emt 0:02:34]} Bxg5 {[%emt 0:01:22]} 29. Bc4 {[%emt 0:00:25]} Nd8 {[%emt 0:00:56]} 30. Qd5 {[%emt 0:00:13]} Qxd5 {[%emt 0:00:39]} 31. Bxd5 {[%emt 0:00:01]} Bxh6 {[%emt 0:00:22]} 32. Nb5 {[%emt 0:00:51]} Be3 {[%emt 0:01:33]} 33. Rg4 {[%emt 0:02:48]} Bc5 {[%emt 0:00:27]} 34. f4 {[%emt 0:01:35]} Kg7 {[%emt 0:00:45]} 35. Bxf7 {[%emt 0:00:05]} Nxf7 {[%emt 0:00:06]} 36. Nc7 {[%emt 0:02:47]} Rc8 {[%emt 0:01:23]} 37. Ne6+ {[%emt 0:00:03]} Kf6 {[%emt 0:00:12]} 38. Nxc5 {[%emt 0:00:07]} Rxc5 {[%emt 0:00:31]} 39. b3 {[%emt 0:00:53]} b6 {[%emt 0:02:17]} 40. Kb2 {[%emt 0:00:30]} Rh5 {[%emt 0:09:14]} 41. Kc3 {[%emt 0:32:48]} Ke6 {[%emt 0:32:37]} 42. Rgg1 {[%emt 0:14:37]} Rc5+ {[%emt 0:05:39]} 43. Kd3 {[%emt 0:00:15]} g5 {[%emt 0:00:00]} 44. Rdf1 {[%emt 0:00:00]} gxf4 {[%emt 0:00:00]} 45. Rxf4 {[%emt 0:00:00]} Ne5+ {[%emt 0:00:00]} 46. Kd2 {[%emt 0:00:00]} Ng6 {[%emt 0:00:00]} 47. Rfg4 {[%emt 0:00:00]} Ne5 {[%emt 0:00:00]} 48. R4g3 {[%emt 0:00:00]} h5 {[%emt 0:00:00]} 49. c4 {[%emt 0:00:00]} Ng4 {[%emt 0:00:00]} 50. Kd3 {[%emt 0:00:00]} Rg5 {[%emt 0:00:00]} 51. Kd4 {[%emt 0:00:00]} Ke7 {[%emt 0:00:00]} 52. Rh3 {[%emt 0:00:00]} Re5 {[%emt 0:00:00]} 53. Rf1 {[%emt 0:00:00]} Nf6 {[%emt 0:00:00]} 54. Rh4 {[%emt 0:00:00]} Ke6 {[%emt 0:00:00]} 55. Rhf4 {[%emt 0:00:00]} Nd7 {[%emt 0:00:00]} 56. Rf7 {[%emt 0:00:00]} h4 {[%emt 0:00:00]} 57. Rh7 {[%emt 0:00:00]} Nc5 {[%emt 0:00:00]} 58. Rh6+ {[%emt 0:00:00]} Ke7 {[%emt 0:00:13]} 59. Rxh4 {[%emt 0:00:00]} Nxb3+ {[%emt 0:00:09]} 60. Ke3 {[%emt 0:00:00]} Nc5 {[%emt 0:00:49]} 61. Ra1 {[%emt 0:00:00]} Ke6 {[%emt 0:03:42]} 62. Ra2 {[%emt 0:00:00]} Ke7 {[%emt 0:00:08]} 63. Kf3 {[%emt 0:00:00]} Kd7 {[%emt 0:01:05]} 64. Rf4 {[%emt 0:00:00]} Ke6 {[%emt 0:00:57]} 65. Ra3 {[%emt 0:03:34]} Rh5 {[%emt 0:01:15]} 66. Kg4 {[%emt 0:00:37]} Re5 {[%emt 0:00:18]} 67. Re3 {[%emt 0:04:17]} Nxa4 {[%emt 0:01:05]} 68. Rf5 {[%emt 0:00:07]} Nc5 {[%emt 0:01:13]} 69. Kf4 {[%emt 0:00:30]} a4 {[%emt 0:01:06]} 70. Rxe5+ {[%emt 0:00:12]} dxe5+ {[%emt 0:00:05]} 71. Kf3 {[%emt 0:00:42]} Nb3 {[%emt 0:00:53]} 72. Rd3 {[%emt 0:01:23]} Nd4+ {[%emt 0:00:31]} 73. Kg4 {[%emt 0:00:41]} b5 {[%emt 0:01:13]} 74. cxb5 {[%emt 0:00:11]} Nxb5 {[%emt 0:00:08]} 75. Rh3 {[%emt 0:01:16]} Kd6 {[%emt 0:00:51]} 76. Kf5 {[%emt 0:02:27]} a3 {[%emt 0:00:34]} 77. Rh6+ {[%emt 0:00:37]} Kc5 {[%emt 0:00:10]} 78. Kxe5 {[%emt 0:00:21]} Kb4 {[%emt 0:00:45]} 79. Ra6 {[%emt 0:03:09]} Kb3 {[%emt 0:00:12]} 80. Ra5 {[%emt 0:00:39]} Kb4 {[%emt 0:00:26]} 81. Ra8 {[%emt 0:00:26]} Kb3 {[%emt 0:00:11]} 82. Rxa3+ {[%emt 0:01:01]} 1/2-1/2

[Event "20th Prague Open 2022"]
[Site "Prague"]
[Date "2022.01.07"]
[Round "1.22"]
[White "Zelba, Lukas"]
[Black "Unneland, Mathias"]
[Result "0-1"]
[WhiteElo "1919"]
[BlackElo "2262"]
[Annotator "NA"]
[PlyCount "90"]
[EventDate "2022.01.07"]
[EventType "swiss"]
[EventCountry "CZE"]
[SourceTitle "playchess.com"]
[Source "ChessBase"]
[SourceQuality "1"]
[TimeControl "40/5400+30:1800+30"]

1. d4 {[%emt 0:00:06]} Nf6 {[%emt 0:00:23]} 2. Nf3 {[%emt 0:00:13]} d5 {[%emt 0:00:18]} 3. Bf4 {[%emt 0:00:30]} c5 {[%emt 0:00:26]} 4. c3 {[%emt 0:00:38]} Qb6 {[%emt 0:01:14]} 5. Qb3 {[%emt 0:00:43]} c4 {[%emt 0:00:22]} 6. Qc2 {[%emt 0:00:09]} g6 {[%emt 0:02:30]} 7. Nbd2 {[%emt 0:19:30]} Bf5 {[%emt 0:00:20]} 8. Qc1 {[%emt 0:00:19]} Nc6 {[%emt 0:08:39]} 9. Be5 {[%emt 0:06:09]} Nxe5 {[%emt 0:05:48]} 10. Nxe5 {[%emt 0:05:15]} Bg7 {[%emt 0:02:12]} 11. g3 {[%emt 0:06:16]} Ne4 {[%emt 0:04:36]} 12. Nef3 {[%emt 0:17:13]} Bh6 {[%emt 0:07:27]} 13. Bg2 {[%emt 0:03:32]} O-O {[%emt 0:07:36]} 14. O-O {[%emt 0:02:04]} Qe6 {[%emt 0:11:50]} 15. Re1 {[%emt 0:06:05]} Bh3 {[%emt 0:07:38]} 16. Qc2 {[%emt 0:05:15]} Bf5 {[%emt 0:03:32]} 17. Qd1 {[%emt 0:02:45]} Rfd8 {[%emt 0:02:05]} 18. e3 {[%emt 0:03:16]} Nf6 {[%emt 0:05:23]} 19. Ne5 {[%emt 0:04:18]} Qb6 {[%emt 0:06:41]} 20. b3 {[%emt 0:02:44]} cxb3 {[%emt 0:00:30]} 21. axb3 {[%emt 0:00:02]} Nd7 {[%emt 0:01:46]} 22. Nxd7 {[%emt 0:05:07]} Rxd7 {[%emt 0:00:07]} 23. g4 {[%emt 0:00:39]} Be6 {[%emt 0:02:32]} 24. f4 {[%emt 0:00:24]} Rc8 {[%emt 0:01:16]} 25. Rc1 {[%emt 0:00:58]} Rdc7 {[%emt 0:00:40]} 26. Nb1 {[%emt 0:03:00]} Qd6 {[%emt 0:01:37]} 27. Qf3 {[%emt 0:01:29]} Qd7 {[%emt 0:01:29]} 28. h3 {[%emt 0:00:39]} a5 {[%emt 0:02:16]} 29. Rcd1 {[%emt 0:02:09]} f6 {[%emt 0:00:49]} 30. Bf1 {[%emt 0:02:26]} Qd6 {[%emt 0:01:18]} 31. c4 {[%emt 0:00:19]} dxc4 {[%emt 0:01:06]} 32. d5 {[%emt 0:00:03]} Bd7 {[%emt 0:01:01]} 33. bxc4 {[%emt 0:01:01]} b5 {[%emt 0:00:21]} 34. cxb5 {[%emt 0:00:25]} Rb8 {[%emt 0:00:26]} 35. h4 {[%emt 0:00:28]} Bxb5 {[%emt 0:00:41]} 36. g5 {[%emt 0:00:32]} Bg7 {[%emt 0:00:37]} 37. Bh3 {[%emt 0:00:59]} f5 {[%emt 0:04:40]} 38. e4 {[%emt 0:00:53]} fxe4 {[%emt 0:00:23]} 39. Qxe4 {[%emt 0:00:16]} Kh8 {[%emt 0:01:21]} 40. Rd2 {[%emt 0:00:49]} Rc4 {[%emt 0:02:08]} 41. Qxe7 {[%emt 0:07:50]} Qxf4 {[%emt 0:01:42]} 42. Rf1 {[%emt 0:05:01]} Bd4+ {[%emt 0:01:10]} 43. Kh1 {[%emt 0:02:35]} Bc5 {[%emt 0:04:11]} 44. Qf6+ {[%emt 0:09:10]} Qxf6 {[%emt 0:00:08]} 45. Rxf6 {[%emt 0:00:44]} Rc1+ {[%emt 0:00:37]} 0-1

[Event "20th Prague Open 2022"]
[Site "Prague"]
[Date "2022.01.07"]
[Round "1.23"]
[White "Macicek, Jakub"]
[Black "Rousek, Jan"]
[Result "0-1"]
[WhiteElo "2250"]
[BlackElo "1908"]
[Annotator "TA"]
[PlyCount "134"]
[EventDate "2022.01.07"]
[EventType "swiss"]
[EventCountry "CZE"]
[SourceTitle "playchess.com"]
[Source "ChessBase"]
[SourceQuality "1"]

{[%evp 16,133,3,0,0,0,12,10,29,26,47,43,48,47,52,12,14,0,0,0,19,12,127,89,100,49,50,27,193,199,191,191,327,318,437,437,569,291,300,300,296,295,298,294,260,293,276,288,304,300,350,345,401,403,426,410,412,410,468,472,421,431,391,339,558,509,587,568,593,578,617,603,586,559,781,765,1039,913,738,475,472,460,482,405,1608,1647,1662,1716,1741,1633,1130,1512,1600,1537,1586,1417,1552,1537,1444,1361,29969,29969,29969,29970,29980,29978,29981,29981,6633,0,0,0,0,-29996,-29997,-29997,-29998,-29998,-29999,-29999]} 1. d4 Nf6 2. c4 g6 3. Nc3 d5 4. cxd5 Nxd5 5. Bd2 Bg7 6. e4 Nxc3 7. Bxc3 O-O 8. Nf3 c5 9. d5 e6 {D90: Grünfeld: 4 Nf3 Bg7 sidelines.} 10. Bc4 Bxc3+ 11. bxc3 exd5 {The position is equal.} 12. Bxd5 Qc7 {[#]} 13. Qd2 $146 (13. h4 $5 {[%cal Rh4h5]}) ({Predecessor:} 13. O-O Nc6 14. h3 b6 15. Qd2 Kg7 16. Rfd1 Bb7 17. c4 Rae8 18. Qc3+ f6 19. Rd2 {½-½ (86) Ioannidis,E (2411)-Ali,M (2399) Tornelo INT 2021}) 13... Kg7 {Prevents Qh6+.} 14. h4 h5 $1 15. Ng5 Nc6 16. O-O f6 17. Nf3 $36 {[%mdl 2048] White fights for an advantage.} b6 18. e5 Ba6 (18... fxe5 $11 19. Bxc6 Qxc6) 19. exf6+ $1 $16 Rxf6 {aiming for ...Rd8.} 20. Rfd1 (20. c4 $16) 20... Rd8 $14 21. Qe3 (21. Qe1 $5 {[%cal Rd5c6]} Bc8 22. Bxc6 Rxc6 23. Rxd8 Qxd8 24. Qe5+ Qf6 25. Qb8 $14) 21... Rfd6 $2 {[#]} (21... Bc8 $11 {and Black has nothing to worry.}) 22. Ng5 $1 $18 {[%cal Od1e1] Strongly threatening Re1!} Bc8 (22... Be2 $2 23. Qxe2 Qe7 24. Qxe7+ Nxe7 25. Ne6+ Kf6 26. Nxd8 Nxd5 27. Nc6 $1 $18 {[%mdl 512]}) 23. c4 {Hoping for Re1.} Rf6 {[#]} (23... Qe7 $142) 24. Re1 $1 Rdf8 25. Re2 Qd6 26. Bxc6 Qxc6 27. Qe7+ R6f7 28. Nxf7 Rxf7 29. Qe5+ Qf6 30. Rae1 Qxe5 31. Rxe5 {[%mdl 4096] Endgame KRR-KRB} Kf6 32. f3 Rd7 33. Rd5 {Inhibits Rd2.} Rc7 34. Rd6+ Kf7 35. Kf2 Bd7 36. Re5 Bf5 37. Ke3 Bb1 38. a3 {[%cal Ba2a3,Ba3a4,Ba4a5,Ba5a6][%mdl 32]} Ba2 39. Kd3 Bb1+ $2 (39... Re7 {was necessary.}) 40. Kc3 Bf5 41. a4 Rb7 42. a5 Bc8 43. Rg5 Be6 44. a6 Rc7 45. g4 hxg4 46. fxg4 Kf6 47. Rd8 Rh7 48. Rf8+ Kg7 49. Re8 Kf7 {[#]} (49... Bf7 $142) 50. Rxe6 $1 {[%mdl 512]} Kxe6 51. Rxg6+ {KR-KR} Ke5 52. h5 Rf7 53. h6 Rf3+ 54. Kd2 Rh3 55. g5 {[%cal Bg4g5,Bg5g6,Bg6g7][%mdl 32]} Kd4 56. Rd6+ Kxc4 {[#]} 57. Rxb6 $3 {[%mdl 512]} axb6 {KR-K3P} (57... Rh5 58. Rg6) 58. a7 Rd3+ 59. Kc2 Rd8 60. g6 b5 61. g7 b4 62. h7 $2 ({Better is} 62. a8=R $18 b3+ 63. Kb1 Rd1+ 64. Kb2 Rd2+ 65. Kc1) 62... b3+ $11 {[%cal Bb4b3,Bb3b2][%mdl 32]} 63. Kb2 $1 Rd2+ 64. Kc1 $2 {[%mdl 8192]} (64. Kb1 $11 Kc3 65. Kc1 b2+ 66. Kb1 Rd1+ 67. Ka2 Ra1#) 64... Kc3 {Black mates.} 65. h8=Q b2+ 66. Kb1 Rd1+ 67. Ka2 Ra1# {Weighted Error Value: White=0.15 (very precise) /Black=0.51} 0-1

[Event "20th Prague Open 2022"]
[Site "Prague"]
[Date "2022.01.07"]
[Round "1.24"]
[White "Sinervuo, Veli-Pekka"]
[Black "Dev, Shah"]
[Result "0-1"]
[WhiteElo "1892"]
[BlackElo "2243"]
[Annotator "ChessBase"]
[PlyCount "38"]
[EventDate "2022.01.07"]
[EventType "swiss"]
[EventCountry "CZE"]
[SourceTitle "playchess.com"]
[Source "ChessBase"]
[SourceQuality "1"]
[TimeControl "40/5400+30:1800+30"]

1. e4 {[%emt 0:00:06]} e5 {[%emt 0:00:18]} 2. Nf3 {[%emt 0:00:13]} Nc6 {[%emt 0:00:05]} 3. Bc4 {[%emt 0:00:28]} Bc5 {[%emt 0:00:07]} 4. O-O {[%emt 0:01:32]} Nf6 {[%emt 0:00:05]} 5. d3 {[%emt 0:00:09]} h6 {[%emt 0:00:09]} 6. c3 {[%emt 0:00:43]} d6 {[%emt 0:00:06]} 7. Nbd2 {[%emt 0:02:56]} O-O {[%emt 0:00:14]} 8. b4 {[%emt 0:00:33]} Bb6 {[%emt 0:00:06]} 9. Bb3 {[%emt 0:01:00]} a6 {[%emt 0:03:04]} 10. Nc4 {[%emt 0:00:31]} Ba7 {[%emt 0:00:06]} 11. Ne3 {[%emt 0:06:30]} Ne7 {[%emt 0:02:07]} 12. Bc2 {[%emt 0:05:35]} Bxe3 {[%emt 0:03:22]} 13. Bxe3 {[%emt 0:01:21]} Bg4 {[%emt 0:02:25]} 14. h3 {[%emt 0:08:08]} Bh5 {[%emt 0:00:10]} 15. g3 Qd7 {[%emt 0:25:37]} 16. Kg2 {[%emt 0:04:19]} Ng6 {[%emt 0:08:54]} 17. Rh1 {[%emt 0:14:22]} d5 {[%emt 0:02:44]} 18. Qd2 {[%emt 0:06:42]} Rad8 {[%emt 0:02:19]} 19. Rad1 Qc6 0-1